Click the Broadway Musical Title Ending - Statistics

General Stats
  • This quiz has been taken 164 times
    159 since last reset
  • The average score is 30 of 35
Answer Stats
Hint Answer % Correct
Beauty and the Beast
99%
Mamma Mia!
99%
Les Misérables
98%
The Phantom of the Opera
98%
42nd Street
98%
The Lion King
97%
Moulin Rouge
96%
My Fair Lady
95%
School of Rock
94%
Fiddler on the Roof
94%
The Book of Mormon
93%
The Sound of Music
93%
Mary Poppins
93%
How to Succeed in Business Without Really Trying
92%
Dear Evan Hansen
91%
Hello, Dolly!
87%
Jekyll & Hyde
86%
The King and I
86%
Kinky Boots
85%
A Chorus Line
85%
In the Heights
84%
Rock of Ages
82%
South Pacific
81%
Guys and Dolls
80%
Jersey Boys
79%
& Juliet
79%
Crazy for You
79%
The Music Man
78%
Avenue Q
78%
Miss Saigon
77%
Came from Away
74%
La Cage aux Folles
74%
Man of La Mancha
74%
Me and My Girl
61%
The Magic Show
59%
No matching quizzes found
Score Distribution
Percent of People with Each Score
Percentile by Number Answered
Your Score History
You have not taken this quiz since the last reset